000 00333nam a2200145Ia 4500
003 OSt
005 20240330162738.0
008 170524s9999 xx 000 0 und d
020 _a978-8120338487
040 _cIIMT UNIVERSITY
100 _aKaul Asha
245 0 _aBusiness Communication
260 _aNew Delhi:PHI
942 _2ddc
_c02
999 _c3069
_d3069